Pilotes de F1 qui ont terminé la saison avec 0 point - 2011 -> 2024 - Statistiques

Statistiques générales
  • Ce quiz a été pris 60 fois
  • Le résultat moyen est 20 sur 54
Statistiques - réponses
Saison Pilote % Correct
2024 Valtteri Bottas
87%
2019 George Russell
71%
2024 Logan Sargeant
69%
2021 Mick Schumacher
65%
2022 Nico Hulkenberg
65%
2021 Nikita Mazepin
63%
2016 Esteban Ocon
62%
2020 Nicholas Latifi
62%
2017 Pierre Gasly
62%
2011 Daniel Ricciardo
60%
2015 Kevin Magnussen
60%
2013 Jules Bianchi
58%
2023 Nick de Vries
56%
2021 Robert Kubica
50%
2024 Jack Doohan
48%
2020 Jack Aitken
44%
2017 Jenson Button
44%
2014 Marcus Ericsson
44%
2016 Marcus Ericsson
44%
2017 Marcus Ericsson
44%
2012 Charles Pic
42%
2013 Charles Pic
42%
2017 Antonio Giovinazzi
38%
2020 Pietro Fittipaldi
38%
2014 Esteban Gutiérrez
33%
2016 Esteban Gutiérrez
33%
2013 Max Chilton
33%
2014 Max Chilton
33%
2014 Kamui Kobayashi
31%
2017 Brendon Hartley
29%
2011 Heikki Kovalainen
29%
2012 Heikki Kovalainen
29%
2013 Heikki Kovalainen
29%
2011 Jarno Trulli
29%
2015 Alexander Rossi
25%
2014 Adrian Sutil
23%
2011 Pedro de la Rosa
23%
2012 Pedro de la Rosa
23%
2016 Rio Haryanto
23%
2011 Timo Glock
23%
2012 Timo Glock
23%
2014 André Lotterer
21%
2013 Geido van der Garde
21%
2017 Paul di Resta
21%
2012 Vitaly Petrov
19%
2014 Will Stevens
19%
2015 Will Stevens
19%
2011 Jérôme d'Ambrosio
17%
2012 Jérôme d'Ambrosio
17%
2011 Narain Karthikeyan
17%
2012 Narain Karthikeyan
17%
2015 Roberto Mehri
17%
2011 Vitantonio Liuzzi
17%
2011 Karun Chandhok
15%
Aucun quiz correspondant
Distribution des résultats
% des personnes avec chaque résultat
Percentile par nombre de réponses
Votre historique - résultats
Vous n’avez pas pris ce quiz